| 000 | 00554nam a2200217 a 4500 | ||
|---|---|---|---|
| 999 |
_c10105 _d10105 |
||
| 001 | 10105 | ||
| 003 | BD-JhCC | ||
| 005 | 20180417193051.0 | ||
| 008 | 180417s1974 u a|||| || | 001 0 eng d | ||
| 035 | _a(BD-JhCC)10105 | ||
| 040 |
_aBD-JhCC _dBD-JhCC |
||
| 041 | _aeng | ||
| 082 |
_a301.0712 _bJac 1974 |
||
| 245 |
_aSociology / _cJack Nobbs jp and Robert Hine |
||
| 260 |
_aNew York : _bMacmillan Education, _c1974. |
||
| 300 |
_a354 p. : _bill. ; _c23 cm. |
||
| 504 | _aIncludes Index | ||
| 650 | _aSociology | ||
| 942 |
_2ddc _cBK |
||